Textos de cronistas de indias y poemas precolombinos
Сохранить в:
| Главные авторы: | , |
|---|---|
| Формат: | |
| Язык: | испанский |
| Опубликовано: |
Madrid
Nacional
1979
|
| Предметы: | |
| Метки: |
Добавить метку
Нет меток, Требуется 1-ая метка записи!
|
MARC
| LEADER | 00000nam a2200000 a 4500 | ||
|---|---|---|---|
| 001 | UCP7572 | ||
| 003 | CL-VaPUC | ||
| 008 | 991217e19790000SP |||||||||||||||||spa|d | ||
| 082 | 0 | 4 | |a H860.1 |b GOD |2 21 |
| 100 | 0 | |a Godoy, Roberto |e author |9 437007 | |
| 700 | 0 | |a Olmo, Angel |e author |9 437008 | |
| 245 | 1 | 0 | |a Textos de cronistas de indias y poemas precolombinos |
| 300 | |a 346 p | ||
| 942 | |c BK | ||
| 945 | |d 19991217 00:00:00 |a rherrera | ||
| 260 | |a Madrid |b Nacional |c 1979 | ||
| 650 | 0 | |a Literatura española |9 306261 | |
| 650 | 7 | |a LITERATURA PRECOLOMBINA |2 CL-VaPUC |9 421212 | |
| 650 | 7 | |a CRONISTAS |2 CL-VaPUC |9 315671 | |
| 650 | 7 | |a MAYAS |2 CL-VaPUC |9 267590 | |
| 650 | 0 | |a Aztecas |9 265930 | |
| 650 | 7 | |a INCAS |2 CL-VaPUC |9 256565 | |
| 583 | |a last modification |c 19991217 00:00:00 |k Rodrigo Vera | ||
| 999 | |c 284694 |d 284692 | ||
| 952 | |0 0 |1 0 |4 0 |6 H_860_100000000000000_GOD_1979 |7 0 |8 A |9 328872 |a BIBHIS |b BIBHIS |d 2019-11-20 |i 1379232 |o H860.1 GOD 1979 |p 1379232 |r 2025-01-20 |w 2019-11-20 |y BK |k HIS | ||